00734 a2200385 4500000002100000001000700021005001700028008004100045010000500086020000500091082001600096100002400112110000500136245005300141250000500194260004000199300001000239490000700249500000500256600000500261610000500266611000500271630000500276650000500281651000500286654000500291700000900296710000900305711000500314720000500319730000500324740000500329752000500334856000900339BKB 07170020200902151044.0  a a a547.2bA54S1 aAtkinson, Robert S. a1 aStereoselective synthesiscby Robert S. Atkinson a aChichesterbJohn Wiley & Sonsc1995 a529p. av a a a a a a a a abc abc a a a a a adf